[Event "Bundesliga 2021-22"]
[Site "Baden Baden GER"]
[Date "2022.05.01"]
[Round "6.6"]
[Board "3"]
[White "Donchenko, Alexander"]
[Black "Richter, Michael"]
[Result "1-0"]
[WhiteTitle "GM"]
[BlackTitle "GM"]
[WhiteElo "2636"]
[BlackElo "2496"]
[WhiteTeam "OSG Baden-Baden"]
[BlackTeam "SK Koenig Tegel"]
[WhiteFideId "24603295"]
[BlackFideId "4618920"]
[EventDate "2022.03.05"]

1. d4 d5 2. c4 dxc4 3. e3 a6 4. Bxc4 e6 5. Nf3 Nf6 6. O-O c5 7. b3 cxd4 8. Nxd4
Be7 9. Bb2 Bd7 10. Nd2 Nc6 11. N4f3 O-O 12. Rc1 Rc8 13. a3 b5 14. Bd3 Qb6 15.
Qe2 Rfd8 16. h3 Be8 17. Rc2 h6 18. Rfc1 Na7 19. Ne4 Rxc2 20. Bxc2 Nc6 21. Nxf6+
Bxf6 22. Bxf6 gxf6 23. b4 Qc7 24. Bb1 Qd6 25. Qc2 f5 26. e4 fxe4 27. Qxe4 f5 28.
Qe3 Kg7 29. Kh1 Bh5 30. Bxf5 exf5 31. Rxc6 Qxc6 32. Qe7+ Bf7 33. Qxd8 Qc1+ 34.
Ng1 Qxa3 35. Qd4+ Kg8 36. Nf3 a5 37. Qd8+ Kg7 38. bxa5 b4 39. Qc7 Qc3 40. Qg3+
Kh7 41. Kh2 Qg7 42. Qf4 b3 43. a6 b2 44. a7 b1=Q 45. a8=Q Bg6 46. Nh4 Qe4 47.
Qaxe4 fxe4 48. Nf5 Qf8 49. g4 Bxf5 50. Qxf5+ 1-0

[Event "Bundesliga 2021-22"]
[Site "Baden Baden GER"]
[Date "2022.05.01"]
[Round "6.6"]
[Board "4"]
[White "Bruedigam, Martin"]
[Black "Gustafsson, Jan"]
[Result "1/2-1/2"]
[WhiteTitle "IM"]
[BlackTitle "GM"]
[WhiteElo "2386"]
[BlackElo "2643"]
[WhiteTeam "SK Koenig Tegel"]
[BlackTeam "OSG Baden-Baden"]
[WhiteFideId "24608033"]
[BlackFideId "4625498"]
[EventDate "2022.03.05"]

1. e4 e5 2. Nf3 Nc6 3. Bc4 Nf6 4. d3 Bc5 5. O-O d6 6. c3 a5 7. Nbd2 O-O 8. h3
Be6 9. b3 h6 10. Re1 Re8 11. Nf1 d5 12. exd5 Bxd5 13. Be3 Bxc4 14. dxc4 Qxd1 15.
Raxd1 Bf8 16. Bc1 e4 17. Nd4 Ne5 18. Nb5 Rac8 19. Ba3 Nd3 20. Re2 Bxa3 21. Nxa3
c6 22. Ng3 Nf4 23. Ree1 g6 24. Rd4 Kg7 25. Kf1 Re5 26. Nc2 Rce8 27. Red1 h5 28.
Ne2 Ne6 29. Rd6 h4 30. b4 Ra8 31. a3 axb4 32. cxb4 Kf8 33. Nc3 Ke7 34. c5 Nxc5
35. bxc5 Rxc5 36. Rxf6 Rxc3 37. Rf4 Rxc2 38. Rxe4+ Kf8 39. a4 b5 40. axb5 Raa2
41. Rf4 cxb5 42. Kg1 Rc4 43. Rf6 Ke7 44. Rb6 Rf4 45. Re1+ Kd7 46. Rxb5 Rfxf2 47.
Rd5+ Kc6 48. Rg5 Rf4 49. Rf1 Raa4 50. Rxf4 Rxf4 51. Re5 Kd6 52. Re8 g5 53. Ra8
Ke5 54. Ra5+ Kf6 55. Ra6+ Kf5 56. Ra5+ Kg6 57. Ra6+ f6 58. Ra5 Rf5 59. Ra1 Rb5
60. Rc1 Ra5 61. Rb1 Ra6 62. Rc1 Kf5 63. Rf1+ Ke4 64. Re1+ Kd3 65. Rd1+ Ke2 66.
Rf1 Rd6 67. Rf2+ Ke3 68. Rf1 Ke4 69. Re1+ Kf5 70. Rf1+ Kg6 71. Ra1 f5 72. Ra8
Kf6 73. Rg8 Rd4 74. Kf2 Ra4 75. Kg1 g4 76. hxg4 fxg4 77. Kh2 Rd4 78. Rh8 Kg5 79.
Rg8+ Kf4 80. Rh8 Rd2 81. Rf8+ Ke3 82. Re8+ Kf4 83. Rf8+ Ke5 84. Re8+ Kf6 85.
Rf8+ Kg5 86. Rg8+ Kf4 87. Rf8+ Ke3 88. Re8+ Kf2 89. Re4 g3+ 90. Kh3 Kf1 91. Rxh4
Rxg2 92. Rg4 Kf2 93. Rf4+ Ke3 94. Kxg2 Kxf4 95. Kg1 Kf3 96. Kf1 g2+ 97. Kg1 Kg3 1/2-1/2

[Event "Bundesliga 2021-22"]
[Site "Baden Baden GER"]
[Date "2022.05.01"]
[Round "6.6"]
[Board "5"]
[White "Meier, Georg"]
[Black "Fruebing, Stefan"]
[Result "1/2-1/2"]
[WhiteTitle "GM"]
[BlackTitle "IM"]
[WhiteElo "2631"]
[BlackElo "2374"]
[WhiteTeam "OSG Baden-Baden"]
[BlackTeam "SK Koenig Tegel"]
[WhiteFideId "4675789"]
[BlackFideId "4682165"]
[EventDate "2022.03.05"]

1. c4 c6 2. Nf3 d5 3. e3 Nf6 4. Nc3 e6 5. b3 Nbd7 6. Bb2 Bd6 7. Qc2 O-O 8. Be2
Re8 9. O-O b6 10. d4 Bb7 11. Rfd1 Rc8 12. e4 Nxe4 13. Nxe4 dxe4 14. Qxe4 f5 15.
Qc2 Nf6 16. c5 Bb8 17. b4 Nd5 18. Qb3 b5 19. Re1 a5 20. bxa5 Bc7 21. Reb1 Bxa5
22. Ne5 Bc7 23. a4 Bxe5 24. dxe5 Ba6 25. a5 Qe7 26. Bd4 Red8 27. Rd1 Rd7 28. Bf3
Kf7 29. Bh5+ 1/2-1/2

[Event "Bundesliga 2021-22"]
[Site "Baden Baden GER"]
[Date "2022.05.01"]
[Round "6.6"]
[Board "6"]
[White "Mueller, Nick"]
[Black "Movsesian, Sergei"]
[Result "0-1"]
[WhiteTitle "FM"]
[BlackTitle "GM"]
[WhiteElo "2375"]
[BlackElo "2609"]
[WhiteTeam "SK Koenig Tegel"]
[BlackTeam "OSG Baden-Baden"]
[WhiteFideId "24692093"]
[BlackFideId "310204"]
[EventDate "2022.03.05"]

1. c4 Nf6 2. Nc3 g6 3. d4 Bg7 4. e4 d6 5. f3 O-O 6. Nge2 a6 7. Bg5 c6 8. Qd2 b5
9. Ng3 Nbd7 10. a3 c5 11. d5 Ne5 12. cxb5 c4 13. Be3 h5 14. f4 Neg4 15. Bd4 h4
16. Nge2 axb5 17. h3 Nh6 18. Rd1 e6 19. dxe6 fxe6 20. Bf2 d5 21. exd5 exd5 22.
Bxh4 Nf5 23. Bf2 Bb7 24. Nd4 Nd6 25. Be2 Nfe4 26. Nxe4 Nxe4 27. Qe3 Qa5+ 28. Kf1
Rxf4 29. Qxf4 Rf8 30. Qxf8+ Bxf8 31. Be1 Qc7 32. Bf3 Bh6 33. h4 Be3 34. Rh3 Bc8
35. Bxe4 Qf4+ 36. Ke2 Bxh3 37. Bxd5+ Kh7 38. Nf3 Bg4 39. Bc3 Bc5 40. Kf1 Bf5 41.
Bd4 Bd3+ 42. Rxd3 cxd3 43. Bc3 Qc1+ 44. Be1 Be3 0-1

[Event "Bundesliga 2021-22"]
[Site "Baden Baden GER"]
[Date "2022.05.01"]
[Round "6.6"]
[Board "7"]
[White "Doettling, Fabian"]
[Black "Rietze, Clemens"]
[Result "1/2-1/2"]
[WhiteTitle "GM"]
[BlackTitle "FM"]
[WhiteElo "2587"]
[BlackElo "2279"]
[WhiteTeam "OSG Baden-Baden"]
[BlackTeam "SK Koenig Tegel"]
[WhiteFideId "4627253"]
[BlackFideId "24620351"]
[EventDate "2022.03.05"]

1. d4 d5 2. Nf3 Nf6 3. c4 e6 4. Nc3 Bb4 5. Qa4+ Nc6 6. e3 O-O 7. Qc2 Bd6 8. c5
Be7 9. Bb5 Nb4 10. Qb3 a6 11. Be2 Nc6 12. O-O b6 13. cxb6 cxb6 14. Bd2 Na5 15.
Qc2 Bb7 16. Rfc1 Rc8 17. Be1 b5 18. Qd1 Qb6 19. Ne5 Nc4 20. Nd3 Nd7 1/2-1/2

[Event "Bundesliga 2021-22"]
[Site "Baden Baden GER"]
[Date "2022.05.01"]
[Round "6.6"]
[Board "8"]
[White "Wierzbicki, Jirawat"]
[Black "Martin, Julian"]
[Result "0-1"]
[WhiteTitle "CM"]
[BlackTitle "IM"]
[WhiteElo "2158"]
[BlackElo "2388"]
[WhiteTeam "SK Koenig Tegel"]
[BlackTeam "OSG Baden-Baden"]
[WhiteFideId "1153579"]
[BlackFideId "12941000"]
[EventDate "2022.03.05"]

1. e4 c5 2. Nf3 d6 3. Bb5+ Nd7 4. Ba4 Nf6 5. O-O a6 6. c3 b5 7. Bc2 Bb7 8. Re1
c4 9. b4 e5 10. d4 cxd3 11. Bxd3 Nb6 12. Nbd2 Rc8 13. Bb2 Be7 14. Rc1 O-O 15.
Qe2 h6 16. a3 Re8 17. c4 bxc4 18. Nxc4 Nxc4 19. Bxc4 Bxe4 20. Bxa6 Rxc1 21. Rxc1
Qa8 22. Ne1 Rb8 23. Bd3 Bb7 24. Qd1 Bd8 25. Bc2 Nd5 26. g3 Bb6 27. Qd2 Qa7 28.
Be4 Nf6 29. Bxb7 Qxb7 30. Rc2 Ne4 31. Qd1 Rc8 32. Rxc8+ Qxc8 33. Nd3 Qf5 34. Qe2
Ng5 35. Bc1 Nf3+ 36. Kg2 Nd4 37. Qd1 h5 38. h4 Qe4+ 39. f3 Qd5 40. Nf2 Qa2 41.
Qd2 Nc2 42. Qc3 Bd4 43. Qd2 Ne3+ 44. Kh1 Qc4 45. Qe1 Nc2 46. Qg1 Qe2 0-1

[Event "Bundesliga 2021-22"]
[Site "Dusseldorf GER"]
[Date "2022.05.01"]
[Round "6.7"]
[Board "1"]
[White "Seel, Christian"]
[Black "Shevchenko, Kirill"]
[Result "1/2-1/2"]
[WhiteTitle "IM"]
[BlackTitle "GM"]
[WhiteElo "2486"]
[BlackElo "2652"]
[WhiteTeam "Aachener SV"]
[BlackTeam "SV Werder Bremen"]
[WhiteFideId "4663098"]
[BlackFideId "14129574"]
[EventDate "2022.03.05"]

1. Nf3 Nf6 2. c4 c5 3. Nc3 e6 4. g3 b6 5. Bg2 Bb7 6. O-O Be7 7. Re1 a6 8. e4 d6
9. d4 cxd4 10. Nxd4 Qc7 11. Be3 Nbd7 12. Rc1 O-O 13. f4 h5 14. Bh3 Nc5 15. b4
Ncxe4 16. Nxe6 Qxc4 17. Nb1 Nc3 18. Nxc3 fxe6 19. Qe2 d5 20. Bxe6+ Kh8 21. a3 a5
22. Qd1 Qc6 23. Bd4 axb4 24. Nxd5 Bc5 25. axb4 Rae8 26. bxc5 Rxe6 27. Rxe6 Qxe6
28. Nxf6 gxf6 29. Qxh5+ Kg7 30. cxb6 Rc8 31. Qg5+ Kh7 32. Qh5+ Kg7 33. Qg5+ Kh7
34. Qh5+ 1/2-1/2

[Event "Bundesliga 2021-22"]
[Site "Dusseldorf GER"]
[Date "2022.05.01"]
[Round "6.7"]
[Board "2"]
[White "Areshchenko, Alexander"]
[Black "Nagy, Gabor1"]
[Result "1-0"]
[WhiteTitle "GM"]
[BlackTitle "GM"]
[WhiteElo "2670"]
[BlackElo "2507"]
[WhiteTeam "SV Werder Bremen"]
[BlackTeam "Aachener SV"]
[WhiteFideId "14109530"]
[BlackFideId "737119"]
[EventDate "2022.03.05"]

1. e4 c5 2. Nf3 d6 3. d4 cxd4 4. Nxd4 Nf6 5. Nc3 Nc6 6. Bg5 Bd7 7. Qd2 a6 8.
O-O-O e6 9. f4 Be7 10. Nf3 b5 11. Bxf6 gxf6 12. Kb1 Qb6 13. f5 O-O-O 14. g3 Kb8
15. fxe6 fxe6 16. Bh3 Na5 17. Nd4 b4 18. Nce2 e5 19. Nf5 Bxf5 20. Bxf5 d5 21.
exd5 Nc4 22. Qd3 Ne3 23. Qe4 Qc5 24. Nc1 Nxd1 25. Rxd1 Rd6 26. Be6 h5 27. Nd3
Qb5 28. Rc1 Rhd8 29. Qh7 Bf8 30. Qxh5 Qc4 31. Qf5 Bg7 32. Re1 a5 33. Re4 Qc7 34.
h4 Qb6 35. Re1 Ka7 36. h5 Qc7 37. Re4 Rb6 38. b3 Bf8 39. Qxf6 Rxd5 40. Rc4 Qd6
41. Qf7+ Rb7 42. Qf2+ Rd4 43. Nxe5 Qxe5 44. Qxd4+ Qxd4 45. Rxd4 Bg7 46. Rd1 Re7
47. Bf5 Bh6 48. g4 Re2 49. a3 Bg5 50. Ka2 Rh2 51. axb4 axb4 52. Rd4 Bf6 53. Rxb4
Rh1 54. Ra4+ Kb6 55. Ka3 Bc3 56. b4 Rb1 57. h6 1-0

[Event "Bundesliga 2021-22"]
[Site "Dusseldorf GER"]
[Date "2022.05.01"]
[Round "6.7"]
[Board "3"]
[White "Koch, Thomas1"]
[Black "Van Foreest, Lucas"]
[Result "1/2-1/2"]
[WhiteTitle "IM"]
[BlackTitle "GM"]
[WhiteElo "2458"]
[BlackElo "2572"]
[WhiteTeam "Aachener SV"]
[BlackTeam "SV Werder Bremen"]
[WhiteFideId "4600533"]
[BlackFideId "1039792"]
[EventDate "2022.03.05"]

1. d4 d5 2. c4 c6 3. Nc3 dxc4 4. Nf3 Nf6 5. a4 Bf5 6. e3 e6 7. Bxc4 Bb4 8. O-O
O-O 9. Qe2 Bg6 10. Ne5 Nbd7 11. Nxg6 hxg6 12. Rd1 Qc7 13. Bd2 Rad8 14. Be1 a5
15. Rac1 Rfe8 16. e4 e5 17. d5 Nc5 18. f3 Bxc3 19. bxc3 Nxa4 20. d6 Rxd6 21.
Rxd6 Qxd6 22. Qa2 Rf8 23. Qxa4 b5 24. Bxf7+ Rxf7 25. Qxa5 Nxe4 26. Qa8+ Kh7 27.
Qa2 Qc5+ 28. Kh1 Nd6 29. Bf2 Qc4 30. Qd2 Nf5 31. Re1 Re7 32. Re4 Qd5 33. Qg5 Rd7
34. Be1 Rf7 35. h3 Rf6 36. Kh2 Kg8 37. Bg3 Re6 38. h4 Qd6 39. Bf2 Qc7 40. Bc5
Nd6 41. Bxd6 Qxd6 42. Qe3 Kf7 43. Kh1 c5 44. Qe2 c4 45. Qe1 Re7 46. Qb1 Qc6 47.
Kh2 Qd5 48. Qe1 Re6 49. Kg3 Qd6 50. Qb1 Qc5 51. Qe1 Qc7 52. Qb1 Rb6 53. Qa2 Rd6
54. Qb2 Rd5 55. Qb4 Kg8 56. Qa3 Kh7 57. Qa6 Qe7 58. Qc6 Rd2 59. Kh3 Rd3 60. Qxb5
Rxc3 1/2-1/2

[Event "Bundesliga 2021-22"]
[Site "Dusseldorf GER"]
[Date "2022.05.01"]
[Round "6.7"]
[Board "4"]
[White "Hracek, Zbynek"]
[Black "Lemmers, Oscar"]
[Result "1-0"]
[WhiteTitle "GM"]
[BlackTitle "IM"]
[WhiteElo "2567"]
[BlackElo "2337"]
[WhiteTeam "SV Werder Bremen"]
[BlackTeam "Aachener SV"]
[WhiteFideId "300071"]
[BlackFideId "1002759"]
[EventDate "2022.03.05"]

1. e4 c5 2. Nf3 e6 3. d4 cxd4 4. Nxd4 a6 5. Bd3 g6 6. Be3 Bg7 7. Qd2 Ne7 8. Nc3
Nbc6 9. Nxc6 Nxc6 10. Bh6 Bxh6 11. Qxh6 d6 12. O-O-O Bd7 13. Be2 Qe7 14. Rd2
O-O-O 15. Rhd1 e5 16. Nd5 Qf8 17. Qe3 Nd4 18. Bxa6 bxa6 19. c3 Bc6 20. cxd4 Kb8
21. dxe5 Rc8 22. Nc3 dxe5 23. Qb6+ Bb7 24. Rd7 Rxc3+ 25. bxc3 Qc8 26. Rd8 1-0

[Event "Bundesliga 2021-22"]
[Site "Dusseldorf GER"]
[Date "2022.05.01"]
[Round "6.7"]
[Board "5"]
[White "Sonntag, Hans-Hubert"]
[Black "Pruijssers, Roeland"]
[Result "0-1"]
[WhiteTitle "IM"]
[BlackTitle "GM"]
[WhiteElo "2327"]
[BlackElo "2570"]
[WhiteTeam "Aachener SV"]
[BlackTeam "SV Werder Bremen"]
[WhiteFideId "4601025"]
[BlackFideId "1013068"]
[EventDate "2022.03.05"]

1. e4 c5 2. Nf3 Nc6 3. d4 cxd4 4. Nxd4 Nf6 5. Nc3 d6 6. g3 g6 7. Nde2 Bg7 8. Bg2
O-O 9. O-O Rb8 10. a4 a6 11. h3 b5 12. axb5 axb5 13. Be3 b4 14. Nd5 Nd7 15. Nd4
Bxd4 16. Bxd4 e6 17. Be3 exd5 18. Qxd5 Qc7 19. Rfd1 Nce5 20. Ra7 Qxc2 21. Rd2
Qb1+ 22. Kh2 Nf6 0-1

[Event "Bundesliga 2021-22"]
[Site "Dusseldorf GER"]
[Date "2022.05.01"]
[Round "6.7"]
[Board "6"]
[White "Grigorian, Spartak"]
[Black "Begnis, Nikolaos"]
[Result "1-0"]
[WhiteTitle "IM"]
[BlackTitle "FM"]
[WhiteElo "2472"]
[BlackElo "2278"]
[WhiteTeam "SV Werder Bremen"]
[BlackTeam "Aachener SV"]
[WhiteFideId "24661490"]
[BlackFideId "4200306"]
[EventDate "2022.03.05"]

1. d4 Nf6 2. c4 g6 3. Nc3 Bg7 4. e4 d6 5. f3 O-O 6. Nge2 c5 7. d5 e6 8. Ng3 exd5
9. cxd5 a6 10. a4 Nbd7 11. Be2 h5 12. Bg5 Qc7 13. Qd2 Re8 14. O-O Nh7 15. Bh4
Rb8 16. f4 c4 17. Kh1 b5 18. axb5 axb5 19. e5 Nc5 20. Rad1 dxe5 21. d6 Qa7 22.
f5 Nb3 23. d7 Bxd7 24. Qxd7 Qxd7 25. Rxd7 Nd4 26. fxg6 fxg6 27. Nd5 Nf8 28. Ra7
Ra8 29. Rfa1 Rxa7 30. Rxa7 Nfe6 31. Bf3 Nf4 32. Bf6 Nde6 33. Bxg7 1-0

[Event "Bundesliga 2021-22"]
[Site "Dusseldorf GER"]
[Date "2022.05.01"]
[Round "6.7"]
[Board "7"]
[White "Lamby, Philipp"]
[Black "Markgraf, Alexander"]
[Result "1/2-1/2"]
[BlackTitle "IM"]
[WhiteElo "2140"]
[BlackElo "2482"]
[WhiteTeam "Aachener SV"]
[BlackTeam "SV Werder Bremen"]
[WhiteFideId "4657160"]
[BlackFideId "4646410"]
[EventDate "2022.03.05"]

1. d4 f5 2. g3 Nf6 3. Bg2 g6 4. Nf3 Bg7 5. O-O O-O 6. c4 d6 7. Nc3 Qe8 8. Re1
Qf7 9. d5 Ne4 10. Nd4 c6 11. Nxe4 fxe4 12. Rf1 cxd5 13. Nb5 Na6 14. cxd5 Bf5 15.
a3 Nc5 16. Rb1 Rfc8 17. Be3 a6 18. b4 Nd7 19. Na7 Rc3 20. Qd2 Qf8 21. Rfc1 Rxa3
22. Rc7 b5 23. Nc6 Re8 24. h3 h5 25. Rc1 Ne5 26. Bg5 Bf6 27. Qf4 Bxg5 28. Qxg5
Nxc6 29. dxc6 Qf6 1/2-1/2

[Event "Bundesliga 2021-22"]
[Site "Dusseldorf GER"]
[Date "2022.05.01"]
[Round "6.7"]
[Board "8"]
[White "Colbow, Collin"]
[Black "Petzold, Klaus"]
[Result "1/2-1/2"]
[WhiteTitle "FM"]
[WhiteElo "2357"]
[BlackElo "2169"]
[WhiteTeam "SV Werder Bremen"]
[BlackTeam "Aachener SV"]
[WhiteFideId "16201132"]
[BlackFideId "4641442"]
[EventDate "2022.03.05"]

1. e4 c6 2. Nf3 d5 3. d3 Bg4 4. h3 Bh5 5. Nc3 e6 6. g4 Bg6 7. h4 h6 8. h5 Bh7 9.
Bd2 Bb4 10. a3 Ba5 11. b4 Bc7 12. g5 hxg5 13. Nxg5 Qf6 14. Rh3 Nh6 15. Rf3 Qe7
16. exd5 cxd5 17. Nxh7 Rxh7 18. Nxd5 exd5+ 19. Re3 Be5 20. d4 Nc6 21. Bb5 O-O-O
22. Bxc6 bxc6 23. Rxe5 Qh4 24. Qe2 Qh1+ 25. Qf1 Qxf1+ 26. Kxf1 f6 27. Re7 Rd7
28. Re6 Kb7 29. b5 cxb5 30. Rb1 a6 31. a4 Nf5 32. axb5 a5 33. Bxa5 Rd6 34. Rxd6
Nxd6 35. Bd2 Rxh5 36. Kg2 Rh8 37. Bf4 Nf5 38. c3 Rc8 39. Rb3 Kb6 40. Kf3 Ra8 41.
Kg4 g6 42. Rb4 Ra2 43. c4 dxc4 44. Rxc4 1/2-1/2

[Event "Bundesliga 2021-22"]
[Site "Dusseldorf GER"]
[Date "2022.05.01"]
[Round "6.8"]
[Board "1"]
[White "Volokitin, Andrei"]
[Black "Navara, David"]
[Result "1/2-1/2"]
[WhiteTitle "GM"]
[BlackTitle "GM"]
[WhiteElo "2687"]
[BlackElo "2700"]
[WhiteTeam "Duesseldorfer SK"]
[BlackTeam "SV Muelheim Nord"]
[WhiteFideId "14107090"]
[BlackFideId "309095"]
[EventDate "2022.03.05"]

1. e4 e5 2. Nf3 Nc6 3. Bc4 Bc5 4. O-O Nf6 5. d3 O-O 6. h3 d6 7. c3 h6 8. Re1 a5
9. Nbd2 Be6 10. Bb5 Bb6 11. Nf1 Ne7 12. Ng3 Nd7 13. d4 f5 14. dxe5 Nxe5 15. Nxe5
dxe5 16. Qxd8 Raxd8 17. exf5 Nxf5 18. Nxf5 Bxf5 19. Be3 Bxe3 20. Rxe3 Rd2 21.
Re2 Rxe2 22. Bxe2 Rd8 23. Bc4+ Kf8 24. Re1 e4 25. Kf1 Rd2 26. Re2 Rd1+ 27. Re1
Rd2 28. Re2 Rd1+ 29. Re1 Rd2 1/2-1/2

[Event "Bundesliga 2021-22"]
[Site "Dusseldorf GER"]
[Date "2022.05.01"]
[Round "6.8"]
[Board "2"]
[White "Nguyen, Thai Dai Van"]
[Black "Banusz, Tamas"]
[Result "1/2-1/2"]
[WhiteTitle "GM"]
[BlackTitle "GM"]
[WhiteElo "2623"]
[BlackElo "2600"]
[WhiteTeam "SV Muelheim Nord"]
[BlackTeam "Duesseldorfer SK"]
[WhiteFideId "358878"]
[BlackFideId "722413"]
[EventDate "2022.03.05"]

1. e4 e5 2. Nf3 Nf6 3. Nxe5 d6 4. Nf3 Nxe4 5. d4 d5 6. Bd3 Bf5 7. O-O Be7 8. Ne5
Nd7 9. Nc3 Nxc3 10. bxc3 Bxd3 11. cxd3 O-O 12. Rb1 Rb8 13. Qa4 Nxe5 14. dxe5 Qe8
15. Qxa7 Qc6 16. Qa5 b6 17. Qb5 Qxc3 18. Bb2 Qc5 19. Qb3 Qc6 20. f4 f5 21. Rfc1
Qd7 22. Qc3 c5 23. e6 d4 24. exd7 dxc3 25. Bxc3 Rfd8 26. Be5 Rb7 27. a4 Rdxd7
28. Rb3 Kf7 1/2-1/2

[Event "Bundesliga 2021-22"]
[Site "Dusseldorf GER"]
[Date "2022.05.01"]
[Round "6.8"]
[Board "3"]
[White "Orlov, Andrey"]
[Black "Fridman, Daniel"]
[Result "1/2-1/2"]
[WhiteTitle "GM"]
[BlackTitle "GM"]
[WhiteElo "2491"]
[BlackElo "2628"]
[WhiteTeam "Duesseldorfer SK"]
[BlackTeam "SV Muelheim Nord"]
[WhiteFideId "4125282"]
[BlackFideId "11600454"]
[EventDate "2022.03.05"]

1. e4 e5 2. Nf3 Nf6 3. d4 Nxe4 4. dxe5 Bc5 5. Bc4 Nxf2 6. Bxf7+ Kxf7 7. Qd5+ Kg6
8. Qxc5 Nxh1 9. Nc3 h6 10. Qc4 Kh7 11. Nd5 Re8 12. Qe4+ Kh8 13. Bxh6 gxh6 14.
Qf4 Re6 15. Nxc7 Qxc7 16. Qf8+ Kh7 17. Qf7+ Kh8 18. Qf8+ Kh7 19. Qf7+ Kh8 20.
Qf8+ Kh7 1/2-1/2

[Event "Bundesliga 2021-22"]
[Site "Dusseldorf GER"]
[Date "2022.05.01"]
[Round "6.8"]
[Board "4"]
[White "Neiksans, Arturs"]
[Black "Berelowitsch, Alexander"]
[Result "1-0"]
[WhiteTitle "GM"]
[BlackTitle "GM"]
[WhiteElo "2577"]
[BlackElo "2506"]
[WhiteTeam "SV Muelheim Nord"]
[BlackTeam "Duesseldorfer SK"]
[WhiteFideId "11601388"]
[BlackFideId "14101440"]
[EventDate "2022.03.05"]

1. d4 e6 2. c4 f5 3. g3 Nf6 4. Bg2 Bb4+ 5. Nd2 O-O 6. Nf3 d6 7. O-O Bxd2 8. Qxd2
Qe7 9. b3 e5 10. dxe5 dxe5 11. Bb2 Nc6 12. Qc3 Re8 13. Rad1 a5 14. Ne1 Nd4 15.
Kh1 Nxe2 16. Qd2 Nd4 17. Bxd4 exd4 18. Qxd4 Ra6 19. Nc2 Rd6 20. Qf4 Rxd1 21.
Rxd1 Qe5 22. Qxe5 Rxe5 23. f4 Re8 24. Bf3 Kf7 25. Kg1 h6 26. h4 Bd7 27. Kf2 a4
28. Ne3 axb3 29. axb3 b6 30. Ra1 Ke7 31. Ke2 Kd6 32. Kd3 g6 33. Rd1 Rg8 34. Kc3+
Ke7 35. Re1 Kd8 36. Ra1 Ke7 37. Ra7 g5 38. Nd5+ Nxd5+ 39. Bxd5 Rg7 40. Rxc7 gxf4
41. gxf4 Rg4 42. Rb7 Kd8 43. Kd4 1-0

[Event "Bundesliga 2021-22"]
[Site "Dusseldorf GER"]
[Date "2022.05.01"]
[Round "6.8"]
[Board "5"]
[White "Sorensen, Hampus"]
[Black "Dardha, Daniel"]
[Result "1/2-1/2"]
[WhiteTitle "IM"]
[BlackTitle "GM"]
[WhiteElo "2364"]
[BlackElo "2540"]
[WhiteTeam "Duesseldorfer SK"]
[BlackTeam "SV Muelheim Nord"]
[WhiteFideId "8703884"]
[BlackFideId "240990"]
[EventDate "2022.03.05"]

1. e4 g6 2. d4 Bg7 3. Nf3 c6 4. Bd3 d5 5. exd5 cxd5 6. O-O Nc6 7. c3 Nf6 8. Bf4
Bf5 9. Bxf5 gxf5 10. Ne5 Ne4 11. Nd3 e6 12. f3 Nd6 13. Nd2 h5 14. Re1 Bh6 15.
Qe2 Kf8 16. Qe3 Kg7 17. b3 Qf6 18. Kh1 Rac8 19. Rac1 h4 20. Rg1 Rcd8 21. Rce1
Bxf4 22. Nxf4 Kf8 23. Re2 Nc8 24. Nb1 N8e7 25. Na3 Ng6 26. Nc2 Nce7 27. Ne1 Rc8
28. Nxg6+ Nxg6 29. Qd2 Kg7 30. Nd3 Rc7 31. Ne5 Nxe5 32. dxe5 Qh6 33. Qd4 f4 34.
c4 Rd8 35. cxd5 Rxd5 36. Qxa7 Qg5 37. Qf2 Rc3 38. Rge1 Rcd3 39. Kg1 h3 40. Kh1
Qh5 41. Re4 Rd2 42. R4e2 R2d3 43. Re4 1/2-1/2

[Event "Bundesliga 2021-22"]
[Site "Dusseldorf GER"]
[Date "2022.05.01"]
[Round "6.8"]
[Board "6"]
[White "Novikov, Igor"]
[Black "Stark, Lars"]
[Result "1-0"]
[WhiteTitle "GM"]
[BlackTitle "IM"]
[WhiteElo "2551"]
[BlackElo "2386"]
[WhiteTeam "SV Muelheim Nord"]
[BlackTeam "Duesseldorfer SK"]
[WhiteFideId "14100037"]
[BlackFideId "4676386"]
[EventDate "2022.03.05"]

1. d4 Nf6 2. c4 e6 3. Nf3 b6 4. g3 Ba6 5. b3 c6 6. Bg2 Bb4+ 7. Nbd2 d5 8. O-O
Nbd7 9. Bb2 O-O 10. Rc1 Rc8 11. a3 Be7 12. b4 Bb7 13. c5 a5 14. Qc2 axb4 15.
axb4 Ba6 16. Rfe1 Bb5 17. e4 Qc7 18. e5 Ne8 19. h4 Qd8 20. Nb1 Nc7 21. Nc3 Ba6
22. Rb1 Bc4 23. Nd2 Ba6 24. Bc1 bxc5 25. bxc5 Rb8 26. Rxb8 Qxb8 27. Nf3 Rc8 28.
Bg5 Bf8 29. Rb1 Qa8 30. Ra1 Qb7 31. Nd2 Rb8 32. Rb1 Qc8 33. Nb3 Nb5 34. Ra1 h6
35. Be3 Nxc3 36. Qxc3 Be7 37. Ra3 Bd8 38. Qa1 Bc4 39. Nd2 Bb5 40. Bh3 Nf8 41. h5
Be2 42. f3 Nh7 43. Kf2 Bb5 44. f4 Nf8 45. Bg4 Nh7 46. Be2 Bxe2 47. Kxe2 f5 48.
Ra7 Bc7 49. Qa6 Qd7 50. Ra8 Rxa8 51. Qxa8+ Nf8 52. Kd3 g6 53. hxg6 Kg7 54. Nb3
Nxg6 55. Qb7 Nf8 56. Bd2 Bd8 57. Qxd7+ Nxd7 58. Ba5 Bxa5 59. Nxa5 Nb8 60. Ke3
Kf7 61. Kf3 Ke7 62. g4 fxg4+ 63. Kxg4 Kd7 64. f5 h5+ 65. Kxh5 exf5 66. Kg5 Ke6
67. Kf4 Na6 68. Nxc6 Kd7 69. Na7 Ke6 70. c6 Nc7 71. Kg5 Na6 72. Nb5 1-0